000 00642nam a2200229Ia 4500
003 OSt
005 20221005025550.0
006 a|||||r|||| 00| 0
007 ta
008 221004b |||||||| |||| 00| 0 mal d
024 _a57254
037 _cTextual
040 _aCRL
_cCRL
_bmal
041 _2mal
_amal
082 _aO32,3NVKK,18, K3
100 _aKrishnakutty Veloor Au.
_9581854
245 0 _aAreyum premikkathirikku
260 _aCalicut
_bP K Brothers India
_c1963
650 _aMALAYALAM FICTION
_9183428
942 _hO32,3NVKK,18, K3
_cTEXL
_2cc
999 _c934939
_d934939